call of duty zombies bo1 maps ranked - Statistics

General Stats
  • This quiz has been taken 47 times
  • The average score is 6 of 6
Answer Stats
Hint Answer % Correct
2 moon
100%
3 five
95%
1 kino der toten
95%
4 ascension
90%
6 call of the dead
88%
5 shangri la
83%
No matching quizzes found
Score Distribution
Percent of People with Each Score
Percentile by Number Answered
Your Score History
You have not taken this quiz